01522nam a2200361 a 4500001001000000003000500010005001700015008004100032010001100073011001100084040000900095090001000104100003700114245016400151260004100315500006000356502007600416590004100492590004100533590004000574590004000614650003300654650004400687650003300731650004100764856007000805901000700875942001000882942000600892999001900898952011900917952012401036000109667CHAP20220329144059.0140519s2014 mx sm |||||||spa d a106129 a107101 cCHAP aTesis1 aSastre Decasa, Alejandra912692310aDiagnóstico nutrimental de suelos cítricos y fertilización en naranja (citrus sinensis L. Osbeck) en Veracruzh[En línea]cpor Alejandra Sastre Decasa. aChapingo, Méx. :bEl autor,c2014. aPara ver el contenido del material haga clic en la liga aTesis (Ing. Agr. Esp. en Fitotecnia)-- UACH. Departamento de Fitotecnia aBATCH-UPDb05c20141002lUCH01h0904 aE11695DGDb10c20141013lUCH01h1305 aE5765TAJb05c20140519lUCH01h1131 aE5765TAJb05c20140519lUCH01h113114aCítricoszHidalgo.917557614aFertilizantesxEfecto en suelos.94055314aNaranjaxRendimiento.98018814aSuelosxElementos minerales.9110356 aFinding aiduhttp://10.13.5.2/tesis/sist109667.pdfzTeclea aquí aBK cTESIS n0 c106129d106129 00102local40718TESISaBCbBCd2014-05-19fTESISl0oTesisp33724002406413r2019-12-31 00:00:00w2014-05-19yCD 00102local40718TESISaBCbBCd2014-05-19fTESISl0oTesisp33724002406454r2019-12-31 00:00:00tc.2w2014-05-19yCD